| 000 | 00000cas 2200000zi 4500 |
| 001 | 9.962358 |
| 003 | CaOODSP |
| 005 | 20260506120528 |
| 006 | m o d f |
| 007 | cr cn |||||||| |
| 008 | 260429d19741981oncqr p o f0### 0fre|d |
| 022 | |y0317-4514 |
| 040 | |aCaOODSP|bfre|erda|cCaOODSP |
| 041 | |aeng|afre |
| 043 | |an-cn--- |
| 086 | 1 |aCo12-1-PDF |
| 245 | 00|aIn search = |bEn quête. |
| 246 | 31|aEn quête |
| 264 | 1|aOttawa, Canada : |bDepartment of Communications = Ministère des communications, |c[1974-1981] |
| 310 | |aTrimestriel |
| 336 | |atexte|btxt|2rdacontent/fre |
| 337 | |ainformatique|bc|2rdamedia/fre |
| 338 | |aressource en ligne|bcr|2rdacarrier/fre |
| 362 | 1 |aNe paraît plus après : Vol. 8, no 4 (1981). |
| 500 | |aÉdition numérisée de l'imprimé [par Innovation, sciences et développement économique Canada]. |
| 546 | |aTexte en anglais et en français. |
| 588 | |aDescription d'après : Vol. 1, no 2 (printemps 1974); titre de la page couverture du fichier PDF. |
| 588 | |aDernière livraison consultée : Vol. 8, no 4 (1981). |
| 650 | 6|aCommunication|zCanada|vPériodiques. |
| 655 | 7|aPériodiques|2rvmgf |
| 710 | 1 |aCanada. |bMinistère des communications, |eorganisme de publication. |
| 788 | |tIn search = |eeng|w(CaOODSP)9.962357 |